000 00886nam a22002777a 4500
001 4354
003 FISKH
005 20240801100301.0
008 240801b cb ||||| |||| 00| 0 eng d
020 _a9781776540556
040 _aFISKH
_beng
_cFISKH
_dFISKH
050 _aPZ7
082 _a428.6
100 _aHolden, Pam
245 _aMissing heads /
_cWritten by Pam Holden ; Illustrated by Lamia Aziz
260 _aAuckland :
_bRed Rocket Readers,
_c2014
300 _a16 pages ;
_bcolor illustrations ;
_c20 cm
505 _aD
520 _aHave you ever seen a hedgehog rolled up into a ball? A duck looks funny with its head under the water. Read this story to see where all the heads have gone.
521 8 _a170
_bLexile
521 8 _aD
_bRaz-Plus
650 _aHead
700 _aAziz, Lamia
_eIllustrator
942 _2ddc
_cBK
_n0
999 _c4354
_d4354